000 00746nam a2200181Ia 4500
008 151202s9999||||xx |||||||||||||| ||und||
082 _bPNVM-46092
100 _aडिसिल्वा रजीन.
245 _aवसईचे रगेल आणि रंगेल पोर्तुगीज.
260 _b"डिंपल पब्लिकेशन, मुंबई."
260 _c2004
300 _a168
600 _aडिसिल्वा रजीन.
630 _aवसईचे रगेल आणि रंगेल पोर्तुगीज.
700 _aडिसिल्वा रजीन.
730 _aवसईचे रगेल आणि रंगेल पोर्तुगीज.
942 _cBOOK
999 _c1312042
_d1312039